000 00342 a2200109 4500
001 ART_46380
005 20260410161925.0
008 260409a
245 1 0 _aRisk-taking, global diversification, and growth
100 1 _aObstfeld, Maurice
773 0 _tThe American Economic Review
_g- Vol. 84, NÂș 5 (dic. 1994)
_wREV16190
999 _c28111
_d28111